Geography Quiz

Random Geography or City Quiz
Score 0/25 Timer 06:00
14 Plays Today
# City % Correct
3London
96.5%
10Washington
96.2%
2Sydney
96.1%
14Paris
95.9%
9Rome
95%
23New York
93%
7San Francisco
92.2%
20Los Angeles
88.5%
1Moscow
85.9%
21Athens
84%
16Seattle
81.8%
4St. Louis
76%
18Beijing
74.4%
# City % Correct
6Rio de Janeiro
66.1%
11Dubai
62.6%
8Berlin
52.5%
24Mecca
50.3%
12San Antonio
50.1%
5Istanbul
42.7%
13Jerusalem
40.9%
15Tokyo
30.9%
17Shanghai
26.5%
22Bangkok
23.6%
25Cape Town
19.3%
19Mumbai
8.5%
Remove Ads.
Support Sporcle.
Get the best of Sporcle when you Go Orange. This ad-free experience offers more features, more stats, and more fun while also helping to support Sporcle. Thank you for becoming a member.

You're not logged in!

Compare scores with friends on all Sporcle quizzes.
OR
Log In

Show Comments

Extras

Top Quizzes Today


Score Distribution

Your Account Isn't Verified!

In order to create a playlist on Sporcle, you need to verify the email address you used during registration. Go to your Sporcle Settings to finish the process.

Report this User

Report this user for behavior that violates our Community Guidelines.

Details: